Rookies del año de la NBA - Estadísticas

Estadísticas generales
  • Esta prueba ha sido intentada 141 veces
  • La puntuación promedio es 22 de 75
Estadísticas de respuestas
Año Equipo Jugador % Correcto
2019 Mavericks Luka Dončić
95%
2004 Cavaliers Lebron James
92%
2020 Grizzlies Ja Morant
91%
2024 Spurs Victor Wembanyama
91%
2021 Hornets LaMelo Ball
89%
1985 Bulls Michael Jordan
85%
2023 Magic Paolo Banchero
84%
2009 Bulls Derrick Rose
77%
2008 SuperSonics Kevin Durant
75%
2013 Trail Blazers Damian Lillard
72%
2018 76ers Ben Simmons
69%
2012 Cavaliers Kyrie Irving
69%
1993 Magic Shaquille O'Neal
67%
2022 Raptors Scottie Barnes
66%
2016 Timberwolves Karl-Anthony Towns
64%
1980 Celtics Larry Bird
63%
1998 Spurs Tim Duncan
63%
2011 Clippers Blake Griffin
59%
2002 Grizzlies Pau Gasol
59%
2006 Hornets Chris Paul
51%
1960 Warriors Wilt Chamberlain
48%
1997 76ers Allen Iverson
46%
2015 Timberwolves Andrew Wiggins
43%
1999 Raptors Vince Carter
41%
1990 Spurs David Robinson
40%
1986 Knicks Patrick Ewing
36%
2017 Bucks Malcolm Brogdon
35%
2014 76ers Michael Carter-Williams
32%
1992 Hornets Larry Johnson
31%
2001 Magic Mike Miller
28%
1995 Mavericks Jason Kidd
26%
2007 Blazers Brandon Roy
25%
1961 Royals Oscar Robertson
25%
1955 Hawks Bob Pettit
23%
2010 Kings Tyreke Evans
23%
1982 Nets Buck Williams
21%
1973 Braves Bob McAdoo
16%
1995 Pistons Grant Hill
14%
1966 Warriors Rick Barry
14%
1978 Suns Walter Davis
14%
1969 Bullets Wes Unseld
14%
2003 Suns Amar'e Stoudemire
9%
1996 Raptors Damon Stoudamire
9%
1971 Celtics Dave Cowens
9%
1988 Knicks Mark Jackson
9%
1970 Bucks Lew Alcindor
8%
1994 Warriors Chris Webber
7%
1959 Lakers Elgin Baylor
7%
1984 Rockets Ralph Sampson
7%
2000 Rockets Steve Francis
7%
2005 Bobcats Emeka Okafor
6%
1977 Braves Adrian Dantley
5%
2000 Bulls Elton Brand
5%
1964 Royals Jerry Lucas
5%
1965 Knicks Willis Reed
5%
1968 Bullets Earl Monroe
4%
1991 Nets Derrick Coleman
3%
1976 Suns Alvan Adams
2%
1981 Jazz Darrell Griffith
2%
1989 Warriors Mitch Richmond
2%
1962 Packers Walt Bellamy
2%
1967 Pistons Dave Bing
1%
1953 Pistons Don Meineke
1%
1974 Braves Ernie DiGregorio
1%
1971 Trail Blazers Geoff Petrie
1%
1975 Warriors Jamaal Wilkes
1%
1956 Royals Maurice Stokes
1%
1979 Kings Phil Ford
1%
1954 Bullets Ray Felix
1%
1972 Trail Blazers Sidney Wicks
1%
1983 Clippers Terry Cummings
1%
1963 Zephyrs Terry Dischinger
1%
1957 Celtics Tom Heinsohn
1%
1958 Warriors Woody Sauldsberry
1%
1987 Pacers Chuck Person
0%
No se encontraron pruebas coincidentes
Distribución de puntuación
Porcentaje de gente con cada puntuación
Porcentaje por número respondido
Historial de tus puntuaciones
No has intentado esta prueba.